ARRUPE JESUIT UNIVERSITY

CORONAVIRUS -STOP THE SPREAD - CLEAN,DISINFECT,COVER

Race, colour & class in southern Africa : (Record no. 131178)

MARC details
000 -LEADER
fixed length control field 01553cam a2200361 a 4500
001 - CONTROL NUMBER
control field 198917
003 - CONTROL NUMBER IDENTIFIER
control field ARRUPE
005 - DATE AND TIME OF LATEST TRANSACTION
control field 20220330105902.0
008 - FIXED-LENGTH DATA ELEMENTS--GENERAL INFORMATION
fixed length control field 981210s1997 rh b b 001 0 eng
010 ## - LIBRARY OF CONGRESS CONTROL NUMBER
LC control number 98982397
020 ## - INTERNATIONAL STANDARD BOOK NUMBER
International Standard Book Number 1779050496 (pbk.)
020 ## - INTERNATIONAL STANDARD BOOK NUMBER
International Standard Book Number 177905050X (hard)
040 ## - CATALOGING SOURCE
Original cataloging agency DLC
Transcribing agency DLC
Modifying agency DLC
042 ## - AUTHENTICATION CODE
Authentication code lcode
043 ## - GEOGRAPHIC AREA CODE
Geographic area code fs-----
050 00 - LIBRARY OF CONGRESS CALL NUMBER
Classification number DT1058.R33
Item number M36 1997
082 00 - DEWEY DECIMAL CLASSIFICATION NUMBER
Classification number 305.8/00968
Edition number 21
300 ## - PHYSICAL DESCRIPTION
Other physical details map ;
Dimensions 24 cm.
100 1# - MAIN ENTRY--PERSONAL NAME
Personal name Mandaza, Ibbo.
9 (RLIN) 23206
245 10 - TITLE STATEMENT
Title Race, colour & class in southern Africa :
Remainder of title a study of the coloured question in the context of an analysis of the colonial and white settler racial ideology, and African nationalism in twentieth century Zimbabwe, Zambia, and Malawi /
Statement of responsibility, etc Ibbo Mandaza.
246 14 - VARYING FORM OF TITLE
Title proper/short title Race, colour, and class in southern Africa
260 ## - PUBLICATION, DISTRIBUTION, ETC. (IMPRINT)
Place of publication, distribution, etc Harare :
Name of publisher, distributor, etc SAPES Books,
Date of publication, distribution, etc 1997.
300 ## - PHYSICAL DESCRIPTION
Extent xli, 838 p. :
500 ## - GENERAL NOTE
General note "SAPES Trust"--P. [4] of cover.
500 ## - GENERAL NOTE
General note Errata slip inserted.
504 ## - BIBLIOGRAPHY, ETC. NOTE
Bibliography, etc Includes bibliographical references (p. [821]-829) and indexes.
650 #0 - SUBJECT ADDED ENTRY--TOPICAL TERM
Topical term or geographic name as entry element Social classes
Geographic subdivision Africa, Southern
General subdivision History.
9 (RLIN) 26372
651 #0 - SUBJECT ADDED ENTRY--GEOGRAPHIC NAME
Geographic name Racially mixed people
Geographic subdivision Africa, Southern
General subdivision History.
9 (RLIN) 51091
651 #0 - SUBJECT ADDED ENTRY--GEOGRAPHIC NAME
Geographic name Africa, Southern
General subdivision Race relations
-- History.
9 (RLIN) 26373
710 2# - ADDED ENTRY--CORPORATE NAME
Corporate name or jurisdiction name as entry element SAPES Trust.
9 (RLIN) 23049
906 ## - LOCAL DATA ELEMENT F, LDF (RLIN)
a 7
b cbc
c origode
d 3
e ncip
f 19
g y-gencatlg
942 ## - ADDED ENTRY ELEMENTS (KOHA)
Source of classification or shelving scheme Library of Congress Classification
Koha item type Monograph ( Printed materials)
Holdings
Withdrawn status Lost status Source of classification or shelving scheme Damaged status Not for loan Collection code Home library Current library Shelving location Date acquired Total Checkouts Full call number Barcode Date last seen Price effective from Koha item type
    Library of Congress Classification     Main Collection ARRUPE LIBRARY ARRUPE LIBRARY Main Collection 30/03/2022   DT1058.R33 M36 1997 46600008238 30/03/2022 30/03/2022 Monograph ( Printed materials)

 

Arrupe Library. PO Box MP320 Mt Pleasant, Harare, Zimbabwe
263 242 745411|librarian@aju.ac.zw